| 000 | 00568nam a2200205Ia 4500 | ||
|---|---|---|---|
| 005 | 20250508164642.0 | ||
| 008 | 008 250505s9999 xx 000 0 eng d | ||
| 020 | _a81-7154-761-3 | ||
| 037 | _aTextual | ||
| 040 |
_aFEDL _beng _cFEDL |
||
| 041 |
_aeng _2eng |
||
| 084 |
_a305, ASI _qFEDL |
||
| 245 | 0 | _aPeople of India : Daman and Diu. Vol. 19 | |
| 245 | 0 | _cANTHROPOLOGICAL SURVEY OF INDIA | |
| 260 |
_aBombay, India _bPopular Prakashan _c1994 |
||
| 300 | _a224p. | ||
| 365 |
_aINR _b210 |
||
| 942 |
_cTEXL _h305, ASI |
||
| 999 |
_c1390353 _d1390353 |
||